Syntax of early English (Record no. 124283)

MARC details
000 -LEADER
fixed length control field 00836nam a2200289Ia 4500
003 - CONTROL NUMBER IDENTIFIER
control field OSt
005 - DATE AND TIME OF LATEST TRANSACTION
control field 20220918164329.0
008 - FIXED-LENGTH DATA ELEMENTS--GENERAL INFORMATION
fixed length control field 220917b |||||||| |||| 00| 0 eng d
020 ## - INTERNATIONAL STANDARD BOOK NUMBER
International Standard Book Number 0521556260 (pbk)
037 ## - SOURCE OF ACQUISITION
Terms of availability Textual
040 ## - CATALOGING SOURCE
Original cataloging agency ARTS
Transcribing agency ARTS
Language of cataloging eng
041 ## - LANGUAGE CODE
Source of code eng
Language code of text/sound track or separate title eng
100 ## - MAIN ENTRY--PERSONAL NAME
Personal name Fischer Olga
9 (RLIN) 18355
245 #0 - TITLE STATEMENT
Title Syntax of early English
260 ## - PUBLICATION, DISTRIBUTION, ETC.
Place of publication, distribution, etc. Cambridge
Name of publisher, distributor, etc. cambridge university press
Date of publication, distribution, etc. 2000
300 ## - PHYSICAL DESCRIPTION
Extent xviii,341p
Dimensions cm.
490 ## - SERIES STATEMENT
Series statement Cambridge syntax guide
650 ## - SUBJECT ADDED ENTRY--TOPICAL TERM
Topical term or geographic name entry element LINGUISTICS
700 ## - ADDED ENTRY--PERSONAL NAME
Personal name Van Der Wurff Wim
9 (RLIN) 18356
700 ## - ADDED ENTRY--PERSONAL NAME
Personal name Van Kemenade Ans
9 (RLIN) 18357
942 ## - ADDED ENTRY ELEMENTS (KOHA)
Classification part P111,E:3, P0(SC)
Koha item type Textual
Source of classification or shelving scheme Colon Classification (CC)
Holdings
Withdrawn status Lost status Damaged status Not for loan Home library Current library Date acquired Total Checkouts Full call number Barcode Date last seen Price effective from Koha item type
        Arts Library Arts Library 2022-09-18   P111,E:3 P0(SC) AL1199010 2022-09-18 2022-09-18 Textual
Copyright @ Delhi University Library System